Catálogo

Vista normal Vista MARC

Entrada Personal Name

Número de registros utilizados en: 1

001 - CONTROL NUMBER

  • control field: 17279

003 - CONTROL NUMBER IDENTIFIER

  • control field: DLC

005 - DATE AND TIME OF LATEST TRANSACTION

  • control field: 20250702161641.0

008 - FIXED-LENGTH DATA ELEMENTS

  • fixed length control field: 180123n| azannaabn |n aaa c

010 ## - LIBRARY OF CONGRESS CONTROL NUMBER

  • LC control number: no2018009077

035 ## - SYSTEM CONTROL NUMBER

  • System control number: (OCoLC)oca11162448

040 ## - CATALOGING SOURCE

  • Original cataloging agency: ItFiC
  • Language of cataloging: spa
  • Description conventions: rda
  • Transcribing agency: Mx-PuUPA
  • Modifying agency: Mx-PuUPA

100 1# - HEADING--PERSONAL NAME

  • Personal name: Gandolfo, Giuseppe M.,

374 ## - OCCUPATION

  • Occupation: Autor

375 ## - GENDER

  • Gender: hombre

377 ## - ASSOCIATED LANGUAGE

  • Language code: ita

670 ## - SOURCE DATA FOUND

  • Source citation: L'Albania vola alto, 2017:
  • Information found: t.p. (Giuseppe M. Gandolfo) p. 4 of cover (former professor of medicina e chirurgia at the Università La Sapienza di Roma)